000 00739nam a2200241 i 4500
001 IT\ICCU\RAV\0788813
003 ItRI
005 20260405222915.0
008 011018s2001 it |||||| ||||| |||||c
015 _2IT
_a2002-10940
020 _a8870184307
040 _bita
_carcigay brescia
041 7 _aita
_2ISO-639-2
082 _a843.912
_221
100 1 _aGide, André
_0IT\ICCU\CFIV\013440
_4aut
240 1 3 _aLe grincheux.
_9Gide, André
245 1 0 _aAutoritratto di un uomo scontroso /
_cAndré Gide ; a cura di Carlo Angelino.
260 _aGenova :
_bIl melangolo,
_c\2001!
300 _a38 p. ;
_c16 cm.
700 1 _aAngelino, Carlo
_0IT\ICCU\CFIV\026022
830 0 _aNugae ;
_v105
_0IT\ICCU\CFI\0168794
942 _2ddc
_cBK
999 _c28932
_d28932